[Event "N4-R3- AUCH / COLOMIERS"]
[Site "?"]
[Date "2004.12.06"]
[Round "?"]
[White "Join, Etienne"]
[Black "Artis, François"]
[Result "1-0"]
[WhiteElo "1750"]
[BlackElo "1740"]
[EventDate "2004.??.??"]
[PlyCount "145"]

1.e4 c5 2.Nf3 d6 3.c3 Nf6 4.d3 Nc6 5.Bg5 h6 6.Bxf6 gxf6 7.d4 Qb6 8.b3 Bg4 
9.d5 Ne5 10.Be2 Bd7 11.Nbd2 Qc7 12.a4 Ng6 13.Bb5 Bg7 14.O-O O-O 15.Bxd7 
Qxd7 16.Qe2 Nf4 17.Qe3 Qg4 18.g3 Ng6 19.Ne1 h5 20.Qf3 Qg5 21.Qe2 h4 22.f4 
Qh6 23.Qg4 hxg3 24.hxg3 Rfd8 25.Kg2 Nf8 26.Nef3 Qg6 27.Qh3 e6 28.f5 Qh6 
29.Qg4 exf5 30.Qxf5 Re8 31.Nc4 Rad8 32.Rh1 Qg6 33.Nh4 Qg5 34.Nf3 Qg6 35.
Rh5 Rxe4 36.Nh4 Qg4 37.Qxg4 Rxg4 38.Nf5 Ng6 39.Kf3 Rxc4 40.bxc4 Ne5+ 41.
Kf4 Ng6+ 42.Kf3 Ne5+ 43.Kg2 Ng6 44.Rah1 Bf8 45.Nh4 Bg7 46.Nf5 Bf8 47.a5 
Re8 48.Kf2 Re4 49.Rb1 b6 50.axb6 axb6 51.Rxb6 Rxc4 52.Nxd6 Bxd6 53.Rxd6 
Ne5 54.Rd8+ Kg7 55.Rhh8 Kg6 56.Rdg8+ Kf5 57.Rh5+ Ke4 58.Rxe5+ fxe5 59.d6 
Rxc3 60.d7 Rc2+ 61.Kg1 Rc1+ 62.Kg2 Rc2+ 63.Kh3 Rd2 64.d8=Q Rxd8 65.Rxd8 c4
66.Rc8 Kd3 67.Kg4 c3 68.Rd8+ Ke2 69.Kf5 f6 70.Kxf6 e4 71.Kf5 e3 72.Kf4 c2 
73.Rc8 1-0

[Event "N4-R3- AUCH / COLOMIERS"]
[Site "?"]
[Date "2004.12.06"]
[Round "?"]
[White "Blesing, Alicia"]
[Black "Bourgoin, Blaise"]
[Result "1-0"]
[WhiteElo "1540"]
[BlackElo "1580"]
[EventDate "2004.??.??"]
[PlyCount "73"]

1.e4 e5 2.Nf3 Nf6 3.Nc3 d6 4.Bc4 Bg4 5.d3 Be7 6.h3 Bxf3 7.Qxf3 O-O 8.Bd2 
Nc6 9.Ne2 a6 10.a3 b5 11.Ba2 a5 12.O-O b4 13.a4 Nd4 14.Nxd4 exd4 15.Bc4 c6
16.Rfe1 d5 17.Bb3 dxe4 18.dxe4 Rc8 19.Rad1 Re8 20.e5 Nd5 21.Bf4 Nxf4 22.
Qxf4 Kh8 23.Rxd4 Qb6 24.Red1 f6 25.e6 c5 26.Rd7 Rc6 27.Bc4 Rd8 28.Rxd8+ 
Bxd8 29.Rd7 Rc8 30.Qg4 g6 31.Qh4 h5 32.e7 Bc7 33.Bf7 Be5 34.Bxg6 Bh2+ 35.
Kxh2 Qb8+ 36.f4 Kg8 37.Qxh5 1-0

[Event "R6R3 Tournefeuille 3 / Ramonville"]
[Site "Tournefeuille"]
[Date "2004.12.08"]
[Round "3.2"]
[White "BERTRAND, Guillaume"]
[Black "ARTIS, Francois"]
[Result "0-1"]
[WhiteElo "1390"]
[BlackElo "1780"]
[PlyCount "48"]

1.e4 c5 2.Nf3 d6 3.c3 Nf6 4.d3 Nc6 5.Be3 g6 6.h3 Bg7 7.Nbd2 O-O 8.Be2 Rb8 
9.d4 cxd4 10.cxd4 d5 11.e5 Ne4 12.Nxe4 dxe4 13.Nh4 e6 14.Qd2 Qxh4 15.Qc1 
Qd8 16.f3 Nxd4 17.Bd1 exf3 18.gxf3 Bxe5 19.Kf2 b6 20.Re1 Qh4+ 21.Kf1 Qxh3+
22.Kg1 Bh2+ 23.Kh1 Nf5 24.Rg1 Bg3# 0-1

[Event "N4 Tournefeuille3-Condom2"]
[Site "Tournefeuille"]
[Date "2005.??.10"]
[Round "1"]
[White "Rauzieres, Guy"]
[Black "Cabrit, Thibault"]
[Result "1-0"]
[WhiteElo "1780"]
[BlackElo "1290"]
[EventDate "2005.??.??"]
[PlyCount "97"]

1.Nf3 Nc6 2.c4 e5 3.Nc3 Nf6 4.e4 g6 5.a3 Bg7 6.Be2 O-O 7.O-O d6 8.d3 Nd4 
9.b4 Nxe2+ 10.Nxe2 Bg4 11.Ng3 Qe7 12.Be3 h6 13.h3 Qe6 14.hxg4 Nxg4 15.Nh2 
h5 16.Nxg4 hxg4 17.Kh2 f5 18.exf5 gxf5 19.Bg5 Kf7 20.Rh1 Rh8+ 21.Kg1 Bh6 
22.Qd2 f4 23.Ne4 Rag8 24.g3 Qg6 25.gxf4 Bxg5 26.Nxg5+ Kf6 27.Kg2 Qf5 28.
Rxh8 Rxh8 29.Rh1 Rxh1 30.Kxh1 exf4 31.Ne4+ Kg6 32.f3 Qh5+ 33.Qh2 Qxh2+ 34.
Kxh2 Kf5 35.fxg4+ Kxg4 36.Kg2 f3+ 37.Kf2 Kf4 38.Nd2 a6 39.Nxf3 c5 40.Ke2 
b5 41.cxb5 axb5 42.Nd2 Ke5 43.Nb3 Kd5 44.Kd2 c4 45.Na5 Kd4 46.Nc6+ Kd5 47.
Na7 Ke5 48.Nxb5 cxd3 49.Kxd3 1-0

[Event "N4 Tournefeuille3-Condom2"]
[Site "Tournefeuille"]
[Date "2005.??.10"]
[Round "1"]
[White "Levy, Hugo"]
[Black "Berthelot, Nathan"]
[Result "0-1"]
[WhiteElo "1199"]
[BlackElo "1720"]
[EventDate "2005.??.??"]
[PlyCount "60"]

1.e4 d6 2.d4 Nf6 3.Nc3 g6 4.Nf3 Bg7 5.Bc4 O-O 6.O-O Nxe4 7.Nxe4 d5 8.Bd3 
dxe4 9.Bxe4 c6 10.h3 Na6 11.c3 Nc7 12.Ng5 Nd5 13.Re1 Re8 14.Qf3 Nf6 15.Qg3
Nxe4 16.Rxe4 Bf5 17.Re3 Rc8 18.Qh4 h5 19.b3 e5 20.Bb2 Bf6 21.Rg3 exd4 22.
cxd4 Re2 23.Bc3 Re4 24.f4 Bxd4+ 25.Kh1 Bf2 26.Rf1 Bxg3 27.Qxg3 Re2 28.Qf3 
Rxa2 29.Qe3 Qd5 30.Re1 Qxg2# 0-1

[Event "N4 Tournefeuille3-Condom2"]
[Site "Tournefeuille"]
[Date "2005.??.10"]
[Round "1"]
[White "Jacob, Claude"]
[Black "Chiavassa, Thibaut"]
[Result "1-0"]
[WhiteElo "1660"]
[BlackElo "1220"]
[EventDate "2005.??.??"]
[PlyCount "63"]

1.e4 e5 2.f4 Nc6 3.Nf3 exf4 4.d4 d5 5.e5 f6 6.Bb5 Bd7 7.Bxc6 Bxc6 8.O-O 
Qd7 9.exf6 Nxf6 10.Ne5 Qe6 11.Bxf4 Bd6 12.Re1 O-O-O 13.Nxc6 bxc6 14.Rxe6 
Rhe8 15.Rxe8 Rxe8 16.Bxd6 cxd6 17.Nd2 Kb8 18.h3 c5 19.Nf3 cxd4 20.Qxd4 Re4
21.Qc3 Rc4 22.Qa3 Ne4 23.Rd1 Rc5 24.Qb3+ Ka8 25.Rxd5 Rxd5 26.Qxd5+ Kb8 27.
Qxe4 g6 28.Nd4 Kc7 29.Qc6+ Kb8 30.Nb5 a6 31.Qc7+ Ka8 32.Qa7# 1-0

[Event "R1 Ramonville-Libre Echiquier Muret"]
[Site "Libre Echiquier Muret"]
[Date "2005.01.08"]
[Round "4"]
[White "Zarki, Hicham"]
[Black "Rizzo, Carlo"]
[Result "0-1"]
[WhiteElo "1499"]
[BlackElo "1570"]
[EventDate "2005.??.??"]
[PlyCount "74"]

1.e4 c5 2.Nf3 d6 3.Bc4 e6 4.Nc3 Nc6 5.d4 cxd4 6.Nxd4 Nf6 7.Bb5 Bd7 8.a3 a6
9.Bc4 Be7 10.Be3 O-O 11.Qf3 Ne5 12.Qg3 Nxc4 13.Bh6 g6 14.Bxf8 Qxf8 15.b3 
Ne5 16.h3 Rc8 17.Nde2 Nh5 18.Qe3 f5 19.O-O f4 20.Qb6 f3 21.g3 fxe2 22.Nxe2
Rxc2 23.Nc1 Bc6 24.f4 Nxg3 25.Rf2 Rxf2 26.Qxf2 Nxe4 27.Qe3 Nd7 28.Nd3 Qf7 
29.Rc1 d5 30.Nb4 Bc5 31.Rxc5 Ndxc5 32.Nxc6 bxc6 33.b4 Nb7 34.a4 Qf5 35.Kg2
Nbd6 36.Qb6 Qxf4 37.Qd8+ Kg7 0-1

[Event "R1 Ramonville-Libre Echiquier Muret"]
[Site "Libre Echiquier Muret"]
[Date "2005.01.08"]
[Round "4"]
[White "Mary, Jean-Francois"]
[Black "Moruz, Patrick"]
[Result "0-1"]
[WhiteElo "1580"]
[BlackElo "1499"]
[EventDate "2005.??.??"]
[PlyCount "52"]

1.d4 Nf6 2.Nf3 d5 3.c4 c5 4.cxd5 Nxd5 5.e4 Nf6 6.Bb5+ Bd7 7.Nc3 Qa5 8.
Bxd7+ Nbxd7 9.O-O e6 10.e5 Ng4 11.h3 Nh6 12.d5 c4 13.d6 Rd8 14.a4 Nxe5 15.
Nxe5 Qxe5 16.Nb5 Bxd6 17.f4 Qc5+ 18.Kh1 a6 19.Nc3 Bxf4 20.Qf3 Bxc1 21.
Raxc1 O-O 22.Qxb7 Nf5 23.Rf3 Rb8 24.Qxa6 Rxb2 25.Ne4 Qe5 26.Rxc4 Rb1+ 0-1

[Event "R1 Ramonville-Libre Echiquier Muret"]
[Site "Libre Echiquier Muret"]
[Date "2005.01.08"]
[Round "4"]
[White "Dolique, Pascal"]
[Black "Reglade, Michel-Antoine"]
[Result "1-0"]
[WhiteElo "1240"]
[BlackElo "1499"]
[EventDate "2005.??.??"]
[PlyCount "65"]

1.e4 d5 2.e5 Bf5 3.d4 e6 4.Nf3 c6 5.Bd3 Bxd3 6.Qxd3 Nd7 7.O-O c5 8.c3 cxd4
9.Qxd4 Bc5 10.Qd2 Qc7 11.Re1 O-O-O 12.b4 Be7 13.Na3 a6 14.Qd4 Qb6 15.Qf4 
f6 16.Be3 Qc7 17.Bd4 a5 18.Nb5 Qc6 19.Na7+ Kb8 20.Nxc6+ bxc6 21.bxa5 c5 
22.exf6+ Kc8 23.Rec1 Ngxf6 24.Ne5 cxd4 25.cxd4+ Kb7 26.Rab1+ Ka6 27.Nc6 
Rde8 28.Qd2 Nb6 29.axb6 Kb7 30.Qa5 Ra8 31.Na7 Ne8 32.Rc7+ Nxc7 33.bxc7+ 
1-0

[Event "R1 Ramonville-Libre Echiquier Muret"]
[Site "Libre Echiquier Muret"]
[Date "2005.01.08"]
[Round "4"]
[White "Bouet, Jean-Yves"]
[Black "Costamagno, Yves"]
[Result "0-1"]
[WhiteElo "1450"]
[BlackElo "1410"]
[EventDate "2005.??.??"]
[PlyCount "120"]

1.e4 d6 2.d4 g6 3.Nf3 Bg7 4.Bc4 Nf6 5.Nc3 O-O 6.O-O a6 7.Be3 b5 8.Bb3 Nc6 
9.a3 Na5 10.Ba2 Bb7 11.d5 Nc4 12.Bxc4 bxc4 13.Qe2 a5 14.Qxc4 Ba6 15.Nb5 
Rc8 16.Qc6 Bxb5 17.Qxb5 Nxe4 18.Qxa5 Bxb2 19.Rab1 Bc3 20.Qa4 Nc5 21.Bxc5 
dxc5 22.Qc4 Bg7 23.Qxc5 Qd6 24.Qxd6 cxd6 25.Rfe1 Rfe8 26.Ng5 Rxc2 27.h3 
Ra2 28.Rb7 Bf6 29.Ne4 Be5 30.g3 Rxa3 31.Nd2 Ra1 32.Rxa1 Bxa1 33.Nb3 Bf6 
34.f4 h5 35.Kg2 Kg7 36.Kf3 Rc8 37.g4 Rc3+ 38.Kg2 hxg4 39.hxg4 Bh4 40.Nd4 
Rc5 41.Nf3 Rc2+ 42.Kh3 Bf6 43.g5 Ba1 44.Rxe7 Rc3 45.Kg4 Rd3 46.f5 gxf5+ 
47.Kxf5 Rxf3+ 48.Ke4 Rf1 49.Rd7 Be5 50.Re7 Rf4+ 51.Kd3 Kg6 52.Rxe5 Rf3+ 
53.Re3 Rxe3+ 54.Kxe3 Kxg5 55.Ke4 f5+ 56.Kf3 f4 57.Kf2 Kg4 58.Kg2 f3+ 59.
Kf2 Kf4 60.Kf1 Ke4 0-1

[Event "R1 Ramonville-Libre Echiquier Muret"]
[Site "Libre Echiquier Muret"]
[Date "2005.01.08"]
[Round "4"]
[White "Ardolade, Jean-Michel"]
[Black "Rouveret, Philippe"]
[Result "0-1"]
[WhiteElo "1520"]
[BlackElo "1740"]
[EventDate "2005.??.??"]
[PlyCount "70"]

1.c4 e5 2.Nc3 Nc6 3.g3 d6 4.Bg2 f5 5.e4 Nf6 6.d3 Be7 7.Nge2 O-O 8.f4 Kh8 
9.O-O fxe4 10.Nxe4 Bg4 11.h3 Bxe2 12.Qxe2 Nd4 13.Qd1 Rb8 14.Be3 Nf5 15.
Bxa7 Nxe4 16.Bxe4 Nxg3 17.Qg4 Nxe4 18.dxe4 Ra8 19.Be3 exf4 20.Bd4 Bf6 21.
Rad1 Ra5 22.c5 Bxd4+ 23.Rxd4 Rxc5 24.Rd5 Rxd5 25.exd5 Qf6 26.Rf2 f3 27.h4 
h6 28.h5 Kh7 29.Qe4+ Qf5 30.Qe6 Qg5+ 31.Kh2 Qh4+ 32.Qh3 Qxf2+ 33.Kh1 Rf4 
34.Qh2 Rh4 35.Qxh4 Qg2# 0-1

[Event "R1 Ramonvile-Libre Echiquier Muret"]
[Site "Libre Echiquier Muret"]
[Date "2005.01.08"]
[Round "4"]
[White "Guillory, Gabriel"]
[Black "Hallal, Hakim"]
[Result "1-0"]
[WhiteElo "1900"]
[BlackElo "1499"]
[EventDate "2005.??.??"]
[PlyCount "67"]

1.d4 d5 2.c4 Nf6 3.Nf3 Nc6 4.cxd5 Nxd5 5.e4 Nb6 6.Bb5 Bd7 7.Nc3 e6 8.O-O 
Be7 9.Bf4 a6 10.Be2 O-O 11.Rc1 Rc8 12.a3 Be8 13.Re1 Bf6 14.e5 Be7 15.Bd3 
f5 16.exf6 Bxf6 17.Be5 Bh5 18.Be2 Bxf3 19.Bxf3 Nxd4 20.Bxb7 Rb8 21.Bxf6 
Qxf6 22.Ne4 Qf7 23.Qxd4 Rxb7 24.Ng5 Qe7 25.Qe4 Qxg5 26.Qxb7 Qd2 27.Rf1 
Qxb2 28.Rxc7 Qd4 29.Qxa6 Kh8 30.Qa7 Rd8 31.a4 Qb2 32.Rb7 Qd4 33.a5 Ra8 34.
Qxa8+ 1-0

[Event "Castel/Moissac-Tournefeuille"]
[Site "?"]
[Date "2005.01.09"]
[Round "4"]
[White "Vainguier, Guillaume"]
[Black "Klimchand, Didier"]
[Result "0-1"]
[WhiteElo "1760"]
[BlackElo "1956"]
[EventDate "2005.01.11"]
[PlyCount "104"]

1.d4 Nf6 2.c4 e6 3.Nf3 b6 4.a3 Be7 5.Nc3 Bb7 6.Qc2 O-O 7.e4 d5 8.cxd5 exd5
9.e5 Ne4 10.Bd3 f5 11.exf6 Nxf6 12.Ne5 c5 13.Ne2 Bd6 14.Bg5 Qc7 15.Bxf6 
gxf6 16.Nf3 c4 17.Bf5 Qf7 18.Qd2 Nc6 19.O-O Ne7 20.Bc2 Ng6 21.Ng3 Bf4 22.
Bxg6 Qc7 23.Bxh7+ 
    ( 23.Qc2 )
23...Kh8 24.Qc2 Qxh7 25.Qxh7+ Kxh7 26.Nf5 Rae8 27.Rae1 Kg6 28.N3h4+ Kf7 
29.g3 Bc7 30.Re3 Rxe3 31.fxe3 b5 32.Nh6+ Ke6 33.Ng6 Ra8 34.Nf4+ Bxf4 35.
exf4 f5 36.Re1+ Kf6 37.Re5 Bc8 38.Rxd5 
    ( 38.Ng8+ Kf7 39.Ne7 Bd7 40.Nxd5 Rd8 41.Kf2 $18 )
38...Be6 39.Re5 
    ( 39.Rxb5 $18 )
39...Rh8 40.d5 Bd7 41.g4 
    ( 41.Nxf5 Bxf5 42.h4 $13 )
41...fxg4 42.d6 Rxh6 43.Re7 Bf5 44.Rxa7 Rh7 45.Ra6 Bd7 46.Kg2 Kf5 47.Rb6 
Rh6 48.a4 bxa4 49.Rb4 Rxd6 50.Rxc4 Rd2+ 51.Kg3 Rxb2 52.Rc5+ Kf6 0-1

[Event "Castel/Moissac-Tournefeuille"]
[Site "?"]
[Date "2005.01.09"]
[Round "4"]
[White "Sangoi, Jean-Jacques"]
[Black "Josserand, Pascal"]
[Result "0-1"]
[WhiteElo "1780"]
[BlackElo "1880"]
[EventDate "2005.01.11"]
[PlyCount "78"]

1.d4 Nf6 2.c4 e5 3.d5 Bc5 4.Nc3 a5 5.g3 d6 6.Bg2 O-O 7.Nh3 Bg4 8.O-O h6 9.
Qd3 Qd7 10.Nf4 exf4 11.Bxf4 Bh3 12.e4 Bxg2 13.Kxg2 Re8 14.Rae1 Ng4 15.b3 
Ne5 16.Qc2 Na6 17.Bxe5 Rxe5 18.f4 Rh5 19.f5 Qe7 20.Qe2 g6 21.Qf3 Bb4 22.
Re3 Bxc3 23.Rxc3 Re8 24.Re3 Nc5 25.Rfe1 Nd7 26.h3 Ne5 27.Qf2 gxf5 28.exf5 
Qf6 29.g4 Rg5 30.Rg3 Kh7 31.Qa7 Reg8 32.Qxb7 h5 
    ( 32...Nxg4 33.hxg4 Rxg4 34.Re3 Qb2+ 35.Kh3 Rh4+ 36.Kxh4 Qh2+ 37.Rh3 
    Qf4+ 38.Kh5 Qg4# )
33.Qxc7 h4 34.Rge3 Qxf5 35.Kh1 Nxg4 36.hxg4 Qxg4 37.Qxf7+ R5g7 38.Qxg8+ 
Rxg8 39.Re7+ Kh8 0-1

[Event "Castel/Moissac-Tournefeuille"]
[Site "?"]
[Date "2005.01.09"]
[Round "4"]
[White "Haddab, Roland"]
[Black "Gremillot, Alice"]
[Result "1-0"]
[WhiteElo "1650"]
[BlackElo "1399"]
[EventDate "2005.01.11"]
[PlyCount "61"]

1.e4 f6 2.d4 e5 3.dxe5 fxe5 4.Qh5+ g6 5.Qxe5+ Qe7 6.Qxh8 Bg7 7.Qxg8+ Bf8 
8.Qd5 c6 9.Qd3 Qd6 10.Nf3 Na6 11.a3 Nc5 12.Qxd6 Bxd6 13.Nc3 Be7 14.Bc4 Bf6
15.O-O b5 16.Ba2 Bb7 17.e5 Be7 18.Be3 Kd8 19.Bxc5 Bxc5 20.Ne4 Be7 21.Rad1 
Bc8 22.e6 a5 23.exd7 Bxd7 24.Be6 Ra7 25.Rxd7+ Rxd7 26.Bxd7 Kxd7 27.Rd1+ 
Ke8 28.Nd6+ Kf8 29.Ne5 Kg7 30.Nxc6 Bf8 31.Nd4 1-0

[Event "CEIT III - Montauban"]
[Site "?"]
[Date "2005.01.09"]
[Round "4.8"]
[White "Le Ligeour, Yann"]
[Black "Ghoumari, Ahmed"]
[Result "1-0"]
[WhiteElo "1610"]
[BlackElo "1499"]
[EventDate "2005.01.09"]
[PlyCount "57"]

1.e4 e5 2.Nf3 Nc6 3.Bb5 d6 4.h3 Nf6 5.d3 Be7 6.O-O O-O 7.c3 Bd7 8.Be3 a6 
9.Ba4 b5 10.Bc2 Qc8 11.Nh2 Rb8 12.b4 Nd8 13.f4 Nb7 14.fxe5 dxe5 15.d4 Bd6 
16.Nf3 Re8 17.Bg5 Qd8 18.Bxf6 gxf6 19.Nbd2 Kh8 20.Nh4 exd4 21.Qh5 Qe7 22.
e5 f5 23.Nxf5 Qxe5 24.Nf3 Qf6 25.Nxd6 h6 26.Nxf7+ Kg7 27.Nxd4 Qb6 28.Nxh6 
Qxh6 29.Rf7+ 1-0

[Event "CEIT III - Montauban"]
[Site "?"]
[Date "2005.01.09"]
[Round "4.7"]
[White "Melchy, Julien"]
[Black "Ravon, Michel"]
[Result "1-0"]
[WhiteElo "1499"]
[BlackElo "1640"]
[EventDate "2005.01.09"]
[PlyCount "27"]

1.e4 c6 2.d4 d5 3.exd5 cxd5 4.c4 dxc4 5.Bxc4 Nf6 6.Nf3 e6 7.Nc3 Be7 8.O-O 
O-O 9.Qe2 Nc6 10.Rd1 a6 11.d5 exd5 12.Nxd5 Nxd5 13.Bxd5 Qc7 14.Bf4 1-0

[Event "R1 ste Foy-Luchon"]
[Site "Luchon"]
[Date "2005.01.09"]
[Round "4"]
[White "Sicret, Francis"]
[Black "Miquel, Pierre"]
[Result "0-1"]
[WhiteElo "1570"]
[BlackElo "1470"]
[EventDate "2005.??.??"]
[PlyCount "147"]

1.e4 e6 2.d4 d5 3.e5 c5 4.Nf3 Nc6 5.c3 Qb6 6.b3 cxd4 7.cxd4 Bd7 8.Nc3 Bb4 
9.Bb2 Nge7 10.Be2 Nf5 11.O-O Ncxd4 12.Nxd4 Nxd4 13.Bg4 Bxc3 14.Bxc3 Nc6 
15.Re1 O-O-O 16.Rc1 Kb8 17.Qd2 Rc8 18.Rc2 Qd8 19.Bb2 h5 20.Bf3 g5 21.g3 g4
22.Bg2 h4 23.Qf4 hxg3 24.fxg3 Qg8 25.Rf2 Rh7 26.Bf1 Ne7 27.Qb4 Nc6 28.Qd6+
Rc7 29.b4 Qc8 30.b5 Nd8 31.b6 axb6 32.Qxb6 Rc6 33.Qb4 Qc7 34.Bd4 Rc2 35.
Qa3 Rxf2 36.Bxf2 Bc6 37.Bc5 Kc8 38.Bd6 Qb6+ 39.Bc5 Qc7 40.Qa8+ Kd7 41.Qa3 
Ke8 42.Qb4 Rg7 43.a4 Qd7 44.a5 Qc7 45.Bb6 Qe7 46.Qf4 Qg5 47.Qf2 Qe7 48.Rb1
Rg6 49.Qc2 Qd7 50.a6 bxa6 51.Bxa6 d4 52.Bxd8 Qd5 53.Qxc6+ Qxc6 54.Bb5 Qxb5
55.Rxb5 Kxd8 56.Rb2 f6 57.exf6 Rxf6 58.Rd2 e5 59.Kg2 Ke7 60.h4 gxh3+ 61.
Kxh3 Ke6 62.g4 Rf3+ 63.Kg2 Rf4 64.Kg3 Kf6 65.Kh4 Rf1 66.g5+ Kg6 67.Rg2 d3 
68.Kg4 Rf5 69.Kh4 Rf4+ 70.Kg3 Kxg5 71.Kh2+ Kf5 72.Kg3 Rg4+ 73.Kf3 Rxg2 74.
Kxg2 0-1

[Event "R1 ste Foy-Luchon"]
[Site "Luchon"]
[Date "2005.01.09"]
[Round "4"]
[White "Misiaszek, Stephan"]
[Black "Moreau, Maximilien"]
[Result "1-0"]
[WhiteElo "1410"]
[BlackElo "1470"]
[EventDate "2005.??.??"]
[PlyCount "25"]

1.d4 f5 2.Nf3 Nf6 3.e3 e6 4.Bd3 Be7 5.O-O O-O 6.Nbd2 Nc6 7.c3 b6 8.e4 fxe4
9.Nxe4 Nxe4 10.Bxe4 Bb7 11.Ne5 Bd6 12.Qh5 Nxe5 13.Bxh7+ 1-0

[Event "R1 ste Foy-Luchon"]
[Site "Luchon"]
[Date "2005.01.09"]
[Round "4"]
[White "Lefauqueur, Alain"]
[Black "Ajdari, Emmanuel"]
[Result "0-1"]
[WhiteElo "1410"]
[BlackElo "1670"]
[EventDate "2005.??.??"]
[PlyCount "79"]

1.e4 c5 2.Nf3 e6 3.d4 cxd4 4.Nxd4 Qb6 5.Nb3 Nc6 6.Be3 Qc7 7.Be2 Nf6 8.f3 
d5 9.exd5 Nxd5 10.Bf2 Bd6 11.g3 b6 12.c4 Nf6 13.a3 Bb7 14.Nc3 a6 15.c5 
bxc5 16.Nxc5 Rd8 17.Qc2 O-O 18.Bxa6 Bxc5 19.Bxc5 Qe5+ 20.Qe2 Bxa6 21.Qxe5 
Nxe5 22.Bxf8 Nd3+ 23.Kf1 Nxb2+ 24.Kg2 Rd2+ 25.Kh3 Kxf8 26.a4 Bb7 27.Rhf1 
Rd3 28.Rfb1 Bxf3 29.Rxb2 Rxc3 30.Rf2 Bg4+ 31.Kg2 e5 32.a5 Ne4 33.Rff1 Rc2+
34.Kg1 Bh3 35.a6 Bxf1 36.Rxf1 Ra2 37.Re1 Nf6 38.Rxe5 Rxa6 39.Kg2 Ng4 40.
Kf3 0-1

[Event "R1 ste Foy-Luchon"]
[Site "Luchon"]
[Date "2005.01.09"]
[Round "4"]
[White "Durand, Christian"]
[Black "Moreau, Emilien"]
[Result "0-1"]
[WhiteElo "1499"]
[BlackElo "1530"]
[EventDate "2005.??.??"]
[PlyCount "69"]

1.d4 d5 2.c4 c6 3.Nc3 Nf6 4.Bd2 e6 5.a3 Bd6 6.Qc2 Nbd7 7.e3 O-O 8.Bd3 Qc7 
9.O-O-O e5 10.c5 Be7 11.f3 Re8 12.h4 b6 13.b4 b5 14.g4 g6 15.Nge2 a5 16.
Nb1 axb4 17.Bxb4 Bf8 18.h5 e4 19.hxg6 fxg6 20.g5 exd3 21.Qxd3 Nh5 22.Rdg1 
Be7 23.f4 Ng7 24.Rg2 Nf5 25.Rgh2 Nf8 26.e4 dxe4 27.Qc4+ Be6 28.Qc2 Bd5 29.
Re1 Bxg5 30.Bd2 Bh6 31.Rh3 Ra4 32.Bb4 Bxf4+ 33.Nxf4 Qxf4+ 34.Nd2 Nxd4 35.
Qb2 0-1

[Event "R1 ste Foy-Luchon"]
[Site "Luchon"]
[Date "2005.01.09"]
[Round "4"]
[White "Charles, Yohann"]
[Black "Pelissier, Daniel"]
[Result "0-1"]
[WhiteElo "1250"]
[BlackElo "1450"]
[EventDate "2005.??.??"]
[PlyCount "68"]

1.e4 c6 2.Nc3 d5 3.e5 Bf5 4.Nf3 e6 5.d4 Ne7 6.Nh4 Nd7 7.Bg5 Bg6 8.Nxg6 
hxg6 9.Na4 Qa5+ 10.c3 Nf5 11.b4 Qc7 12.b5 c5 13.Rc1 c4 14.Be2 f6 15.Bf4 
Kf7 16.Qd2 Qa5 17.Qc2 Qxb5 18.Rb1 Qc6 19.O-O b5 20.Nb2 a5 21.Ra1 b4 22.
cxb4 Nxd4 23.Qd2 Nxe2+ 24.Qxe2 axb4 25.Rfc1 c3 26.Nd1 Nc5 27.exf6 gxf6 28.
Be3 Bh6 29.Bxh6 Rxh6 30.Qe3 Rah8 31.h3 Rh4 32.Kh2 Qd6+ 33.Kh1 Re4 34.Qf3 
Re1# 0-1

[Event "R1 ste Foy-Luchon"]
[Site "Luchon"]
[Date "2005.01.09"]
[Round "4"]
[White "Boulogne, Laurent"]
[Black "Lloveras, Jean-Jacques"]
[Result "1-0"]
[WhiteElo "1820"]
[BlackElo "1570"]
[EventDate "2005.??.??"]
[PlyCount "116"]

1.e4 e5 2.Nf3 Nc6 3.Bb5 a6 4.Ba4 d6 5.d4 b5 6.Bb3 Na5 7.c3 Bg4 8.h3 Nxb3 
9.axb3 Bxf3 10.Qxf3 exd4 11.O-O Qf6 12.Bf4 Ra7 13.Re1 Be7 14.e5 dxe5 15.
Rxe5 h6 16.Rxb5 g5 17.Rb8+ Bd8 18.Qe4+ Ne7 19.Be5 Qe6 20.Rxd8+ Kxd8 21.
Qxd4+ Nd5 22.c4 f6 23.Qxd5+ Qxd5 24.Bxf6+ Kd7 25.cxd5 Re8 26.Nc3 Rb7 27.
Rxa6 Rxb3 28.Bd4 Rxb2 29.Rxh6 Rc2 30.Rg6 Re1+ 31.Kh2 Rd2 32.Be3 Rd3 33.Ne4
Ke7 34.Bxg5+ Kf7 35.Rf6+ Kg8 36.Re6 Rxd5 37.Re8+ Kf7 38.Re7+ Kf8 39.Rxc7 
Rxe4 40.Be3 Ke8 41.Rc1 Kf7 42.g4 Rd6 43.Rg1 Kg6 44.h4 Rc6 45.Kh3 Rcc4 46.
h5+ Kh7 47.Kh4 Ra4 48.Bg5 Kg7 49.Rg3 Re1 50.Bd2 Rh1+ 51.Rh3 Rg1 52.f4 Rg2 
53.Bc3+ Kf7 54.Be5 Ra8 55.g5 Ke6 56.Rg3 Rh2+ 57.Kg4 Rxh5 58.Kxh5 Kf5 1-0

[Event "R1 Tournefeuille3-Montauban2"]
[Site "Montauban"]
[Date "2005.01.09"]
[Round "4"]
[White "Rynik, Gerard"]
[Black "Kienlen, Gerard"]
[Result "1-0"]
[WhiteElo "1670"]
[BlackElo "1430"]
[EventDate "2005.??.??"]
[PlyCount "57"]

1.c4 Nf6 2.Nc3 g6 3.g3 Bg7 4.Bg2 Nc6 5.e3 O-O 6.Nge2 a6 7.O-O e5 8.d3 Ne7 
9.e4 c6 10.h3 d6 11.Be3 c5 12.Qd2 Kh8 13.a3 Nc6 14.Rab1 Nd4 15.b4 Bxh3 16.
Bg5 Bxg2 17.Kxg2 Qd7 18.Bxf6 Bxf6 19.Nd5 Qd8 20.bxc5 dxc5 21.Nxd4 exd4 22.
Rh1 Bg7 23.Rxb7 h5 24.Qf4 f6 25.Rhb1 g5 26.Qf5 Qd6 27.Qg6 Rf7 28.Qxh5+ Kg8
29.Qxf7+ 1-0

[Event "R1 Tournefeuille3-Montauban2"]
[Site "Montauban"]
[Date "2005.01.09"]
[Round "4"]
[White "Pinault, Ronan"]
[Black "Fumenier, Thierry"]
[Result "0-1"]
[WhiteElo "1940"]
[BlackElo "1730"]
[EventDate "2005.??.??"]
[PlyCount "98"]

1.d4 d5 2.Nf3 Nf6 3.c4 c6 4.Nc3 e6 5.e3 Nbd7 6.Bd3 dxc4 7.Bxc4 b5 8.Bd3 a6
9.e4 c5 10.e5 cxd4 11.Ne2 Nd5 12.Nexd4 Bb7 13.O-O Be7 14.Qe2 Nc5 15.Bc2 
O-O 16.a3 a5 17.Nxb5 a4 18.Nfd4 Qd7 19.Qd1 Rfb8 20.Nc3 Nxc3 21.bxc3 Qd5 
22.Qg4 Qc4 23.Bh6 Bf8 24.Bd2 Nb3 25.Qh3 h6 26.Nxb3 axb3 27.Bd3 Qd5 28.Rab1
Rd8 29.Bxh6 Qxd3 30.Qxd3 Rxd3 31.Rxb3 Bd5 32.Rb6 gxh6 33.Rfb1 Rxc3 34.a4 
Rxa4 35.Rb8 Rac4 36.Kf1 Rc1+ 37.Rxc1 Rxc1+ 38.Ke2 Kg7 39.g3 Rc2+ 40.Ke1 
Bc5 41.h4 Bxf2+ 42.Kd1 Be4 43.Rb4 Bh7 44.Rf4 Be3 45.Rg4+ Kf8 46.Rb4 Bd3 
47.Rb8+ Kg7 48.Rb1 Rd2+ 49.Kc1 Rg2+ 0-1

[Event "R1 Tournefeuille3-Montauban2"]
[Site "Montauban"]
[Date "2005.01.09"]
[Round "4"]
[White "Foussat, Frederic"]
[Black "Egea, Claude"]
[Result "1/2-1/2"]
[WhiteElo "1440"]
[BlackElo "1650"]
[EventDate "2005.??.??"]
[PlyCount "106"]

1.c4 Nf6 2.Nc3 c6 3.d4 d5 4.Nf3 e6 5.a3 Be7 6.e3 O-O 7.Bd3 dxc4 8.Bxc4 
Nbd7 9.Bd3 b6 10.O-O Bb7 11.e4 Re8 12.b4 a5 13.Rb1 axb4 14.axb4 Qc7 15.Re1
Ra7 16.Bc4 Nf8 17.Qb3 Rd8 18.Be3 Rda8 19.Bc1 Ra1 20.Bb2 Rxb1 21.Rxb1 Ba6 
22.d5 exd5 23.exd5 Bxc4 24.Qxc4 Rc8 25.dxc6 Qxc6 26.Qxc6 Rxc6 27.b5 Rc8 
28.Na4 N8d7 29.Nd4 Rc4 30.Nc6 Bf8 31.Ra1 Ne4 32.Bd4 Nec5 33.Nxc5 Nxc5 34.
g3 Ra4 35.Re1 Ra8 36.Re5 Na4 37.Rf5 Bc5 38.Bxc5 Nxc5 39.Rf3 Ra1+ 40.Kg2 
Rb1 41.Re3 Kf8 42.Nd4 Rb4 43.Nf5 Re4 44.Kf3 Rxe3+ 45.Kxe3 Ne6 46.Ke4 Nc7 
47.Nd4 Ke7 48.Kd3 g6 49.Kc4 Kd6 50.Nf3 f6 51.g4 Ne6 52.Nd2 Ke5 53.f3 Nc7 
1/2-1/2

[Event "R1 Tournefeuille3-Montauban2"]
[Site "Montauban"]
[Date "2005.01.09"]
[Round "4"]
[White "Derbichen, Moussa"]
[Black "Marni-Sandid, Tarik"]
[Result "0-1"]
[WhiteElo "1499"]
[BlackElo "1590"]
[EventDate "2005.??.??"]
[PlyCount "61"]

1.e3 e5 2.b3 d5 3.Bb2 Nc6 4.Nf3 Bg4 5.h3 Bxf3 6.Qxf3 Nf6 7.Bb5 Bd6 8.Bxc6+
bxc6 9.Qf5 Qe7 10.Qg5 O-O 11.h4 c5 12.Nc3 h6 13.Qf5 c6 14.g4 g6 15.Qf3 e4 
16.Qh3 d4 17.Ne2 d3 18.cxd3 exd3 19.Nc1 c4 20.bxc4 Be5 21.Nxd3 Bxb2 22.
Nxb2 Rab8 23.Nd3 Qe4 24.Nf4 Rb1+ 25.Rxb1 Qxb1+ 26.Ke2 Qxa2 27.Rd1 Qxc4+ 
28.d3 Qa4 29.g5 hxg5 30.hxg5 Nh7 31.Qg3 {suite illisible} 0-1

[Event "R1 Tournefeuille3-Montauban2"]
[Site "Montauban"]
[Date "2005.01.09"]
[Round "4"]
[White "Brochet, Thierry"]
[Black "Palos, Jean-Luc"]
[Result "1-0"]
[WhiteElo "1620"]
[BlackElo "1550"]
[EventDate "2005.??.??"]
[PlyCount "119"]

1.e4 e6 2.d4 d5 3.Nd2 Nf6 4.e5 Nfd7 5.Bd3 c5 6.c3 a6 7.Ngf3 Nc6 8.a3 h6 9.
O-O Qb6 10.dxc5 Bxc5 11.Nb3 Ndxe5 12.Nxc5 Qxc5 13.Be3 Qe7 14.Bc2 O-O 15.
Bf4 Qf6 16.Bxe5 Nxe5 17.Nd4 b5 18.f4 Nc4 19.Qc1 Bb7 20.Rf3 Nd6 21.Qe3 Rac8
22.Re1 Nc4 23.Qc1 Nd6 24.Qb1 Ne4 25.Qc1 Qd8 26.Kh1 f5 27.Qe3 Kh8 28.Rh3 
Kh7 29.Nf3 d4 30.Nxd4 Rf6 31.Nf3 Rg6 32.Re2 Kg8 33.Ne5 Rf6 34.Qc1 Qb6 35.
Qe1 Qd6 36.Rd3 Bd5 37.Rd4 Nc5 38.Qd1 Qc7 39.Re3 Qb7 40.Nf3 Qc6 41.Kg1 Kh8 
42.Qe2 Rd8 43.Ne5 Qc7 44.Qd1 Kh7 45.Qe1 Rd6 46.Bd1 Nb3 47.Rxd5 Rxd5 48.
Bxb3 Rd6 49.Nf3 Qd7 50.Ne5 Qd8 51.Nf3 Kg6 52.Bc2 Kf7 53.Qe2 Kf8 54.Kf1 g5 
55.fxg5 hxg5 56.Rd3 g4 57.Rxd6 Qxd6 58.Qe5 Qxe5 59.Nxe5 Ke7 60.Nc6+ 1-0